Statistics for Skepta - Shutdown Lyrics Quiz

Click here to take the quiz!

General Stats

  • This quiz has been taken 120 times
  • The average score is 289 of 486

Answer Stats

Answer% Correct
shut
99%
I
98%
A
96%
a
96%
it
93%
me
93%
the
92%
an
91%
to
90%
in
89%
it's
89%
no
89%
shutdown
87%
we
87%
ring
86%
that
86%
man
85%
p***y
85%
and
84%
be
84%
G
82%
not
81%
when
80%
When
80%
yo
80%
black
79%
you
79%
You
79%
front
76%
Know
76%
know
76%
tracksuit
76%
daddi
74%
fashion
74%
row
74%
show
74%
down
73%
that's
73%
Trusss
73%
trust
73%
sittin'
72%
week
72%
Daddy
71%
don't
71%
go
71%
Boy
70%
on
70%
went
69%
bet
68%
like
67%
up
67%
Better
66%
never
66%
so
66%
time
66%
been
65%
just
65%
touch
65%
Man's
64%
your
64%
of
63%
road
62%
wanna
62%
sitting
61%
take
60%
my
59%
stage
59%
try
59%
act
58%
he
57%
if
57%
listen
56%
pork
56%
but
55%
get
55%
see
54%
smoking
54%
they
54%
Usain
54%
actor
53%
Bolt
53%
came
53%
eat
53%
Muslim
53%
Rasta
53%
sign
53%
yeah
53%
Yeah,
53%
care
52%
for
52%
gigs
52%
reload
52%
run
52%
songs
52%
why
52%
liar
51%
mic
51%
mine
51%
pick
51%
politician
51%
you're
51%
ain't
50%
Joe
50%
roll
50%
Say
50%
say
50%
'bout
49%
green
49%
Marquee
49%
what
49%
camera
48%
got
48%
are
47%
blud
47%
gold
47%
I'm
47%
off
47%
ice
46%
police
45%
prison
45%
red
45%
cream
44%
rolling
44%
them
43%
upset
43%
all
42%
All
42%
men
41%
Park
41%
religion
41%
vision
41%
after
40%
correctly
40%
culture
40%
G's
40%
prime
40%
young
40%
dancing
39%
eh?
39%
scared
39%
s**t
39%
steal
39%
this
39%
dressed
38%
mission
38%
moving
38%
start
38%
TV
38%
would
38%
out
37%
saw
37%
soft
37%
bunch
36%
every
36%
extremely
36%
same
36%
sexy
36%
told
36%
about
35%
expect
35%
God
35%
knows
35%
at
33%
class
33%
different
33%
feel
33%
Rosa
33%
Wembley
33%
blacked
32%
dark
32%
made
32%
one
32%
two
32%
where
32%
aggressively
31%
Bentley
31%
everybody
31%
from
31%
impress
31%
London
31%
New
31%
respect
31%
then
31%
by
30%
Central
30%
deen
30%
intimidated
30%
mandem
30%
Paris
30%
pull
30%
was
30%
bring
29%
fast
29%
how
29%
outside
29%
selling
29%
'cause
28%
deep
28%
make
28%
seen
28%
walk
28%
York
28%
before
27%
Grind
27%
heart
27%
-isms
27%
Link
27%
Parks
27%
slogan
27%
come
26%
now
26%
shall
26%
I'mma
24%
-schisms
24%
with
24%
bars
23%
did
23%
tryna
23%
dargs
22%
each
22%
happened
22%
right
22%
way
22%
A-list
21%
Frisco
21%
lyrics
21%
none
21%
stolen
21%
through
21%
gonna
20%
wah
19%
16
18%
ark
18%
gwan
18%
Selassie
18%
talk
18%
tomorrow
18%
walked
18%
we'll
18%
dun
17%
biz's
16%
scoop
16%
ten
16%
Fendi
15%
spat
15%
_
14%
l'Arc
14%
sure
13%
straight
11%

Score Distribution

Percentile by Number Answered

Percent of People with Each Score

Your Score History

You have not taken this quiz